| 000 -LEADER | |
|---|---|
| fixed length control field | 00351nam a22001457a 4500 |
| 005 - DATE AND TIME OF LATEST TRANSACTION | |
| control field | 20170530110920.0 |
| 008 - FIXED-LENGTH DATA ELEMENTS--GENERAL INFORMATION | |
| fixed length control field | 170530b xxu||||| |||| 00| 0 eng d |
| 020 ## - INTERNATIONAL STANDARD BOOK NUMBER | |
| ISBN | 81-8031-098-1 |
| 041 ## - LANGUAGE CODE | |
| Language code of text/sound track or separate title | eng |
| 100 ## - MAIN ENTRY--AUTHOR NAME | |
| Personal name | DUBEY, DR. S.K. |
| 245 ## - TITLE STATEMENT | |
| Title | PATRAKARITA KE NAYE AYAM |
| 260 ## - PUBLICATION, DISTRIBUTION, ETC. (IMPRINT) | |
| Place of publication | ALLAHABAD |
| Name of publisher | LOK BHARTI PRAKASHAN |
| 300 ## - PHYSICAL DESCRIPTION | |
| Number of Pages | 192 |
| 942 ## - ADDED ENTRY ELEMENTS (KOHA) | |
| Koha item type | Books |
| Lost status | Damaged status | Home library | Current library | Shelving location | Date acquired | Source of acquisition | Cost, normal purchase price | Accession Number | Koha item type | Full call number |
|---|---|---|---|---|---|---|---|---|---|---|
| JRU Library | SHELF-31-G | 30/05/2017 | PURCHESS | 225.00 | 21790 | Books | ||||
| JRU Library | SHELF-6-D | 30/05/2017 | PURCHESS | 225.00 | 21791 | Books | 301.16 | |||
| JRU Library | SHELF-31-G | 30/05/2017 | PURCHESS | 225.00 | 21792 | Books |